000 00464nam a2200205Ia 4500
003 OSt
005 20251115105553.0
008 250729s2006 xx 000 0 und d
020 _a5551234006666
040 _cAL
041 _aeng
082 _a540.2 RAOC
100 _aRao D S
_9224398
245 _aChemistry Ist puc
260 _aMangalore
_c2006
300 _a460p
650 _aChemistry
_9224399
700 _aMoodithaya
_9224400
942 _2ddc
_cBED
999 _c236388
_d236388